00622nam a2200193Ia 4500008004100000020001500041082001700056100001700073245004600090250000800136260003800144300003200182500001900214600002700233650001500260942000700275952013100282999001500413240925s9999 xx 000 0 und d a8120327594 a621.319bALE aWolf , Wayne 0aModern VLSI Design: system-on-chip design a3rd aNew Delhi:bPrentice Hallc,2002. aVarious pagesbNAfOriginal aIncludes Index aElectronic Engineering aTechnology cBK 001040708ELaUITUbUITUd2007-01-18eRoyal Book Company g647.00l0o621.395WOLpQ6837r2024-09-25 07:14:23w2024-09-25yBK c9336d9336